000
00312nam a22001217a 4500
008
181012b xxu||||| |||| 00| 0 eng d
041
_a
eng
080
_a
616
100
_a
9
101
_a
PAT
245
_a
Borderlands of the normal and early Pathologic in Skeletal Roentgenology
_c
Zimmer,E.A
942
_2
udc
_c
BK
999
_c
49501
_d
49501